Văn hóa Việt Nam đặc trưng và cách tiếp cận

সংরক্ষণ করুন:
গ্রন্থ-পঞ্জীর বিবরন
বিন্যাস: গ্রন্থ
প্রকাশিত: 2003
ট্যাগগুলো: ট্যাগ যুক্ত করুন
কোনো ট্যাগ নেই, প্রথমজন হিসাবে ট্যাগ করুন!
Thư viện lưu trữ: Mạng thư viện Đại học Đà Nẵng
LEADER 00470nam a22001811a 4500
001 000039187
003 15482
005 20160412021929.0
008 160412s2003 000
082 |a 4V(TK)815-16 
245 |a Văn hóa Việt Nam đặc trưng và cách tiếp cận  |c Lê Ngọc Trà 
260 |c 2003 
OWN |a LNN 
999 |a From the UDN01 
TYP |a Monograph 
980 |a Mạng thư viện Đại học Đà Nẵng